| 000 | 01752cad a22002295a 4500 | ||
|---|---|---|---|
| 001 | L154616 | ||
| 008 | 120105s2011 xxk g 000 0 eng d | ||
| 020 | _a9781908257017 | ||
| 035 | _a(Sirsi) u154616 | ||
| 041 | 0 | _aeng | |
| 110 | 2 |
_aConcrete Centre _95831 |
|
| 245 | 0 | 0 |
_aSpecifying sustainable concrete _bunderstanding the role of constituent materials _h[electronic resource] |
| 260 |
_aCamberley _bMPA _c2011 |
||
| 520 | _aThis guide focuses on concrete, its constituent materials including admixtures and how the variation of the specification can influence the sustainability performance of the concrete. Sustainable credentials with greatest scope for influence through specification include: the performance of fresh and hardened concrete (e.g. strength gain, durability); embodied CO2 (ECO2); CO2 associated with transportation; responsible sourcing or otherwise; and use of recycled or secondary materials. Concrete's flexibility offers many opportunities for designers to influence the environmental, economic and social credentials of their projects, including performance credentials such as fire, durability, acoustics and adaptability. This publication is intended to assist designers in optimising the sustainable credentials of concrete through specification. | ||
| 590 | _aKA NTK | ||
| 651 | 4 |
_aUnited Kingdom _y |
|
| 690 | _aBUILT ENVIRONMENT-SUSTAINABLE CONSTRUCTION | ||
| 690 | _aBUILT ENVIRONMENT-BUILDING MATERIALS-CEMENTITIOUS, CONCRETE AND MINERAL BOUND MATERIALS-CONCRETE | ||
| 710 | 2 |
_aMineral Products Association _95839 |
|
| 856 | 4 | 0 |
_uhttps://www.concretecentre.com/pdf/PublicationLibrary/MB_SpecSustainableConcrete.pdf _zRegister to download this publication free of charge at www.concretecentre.com |
| 942 | _n0 | ||
| 999 |
_c113069 _d113069 |
||